Interactions 2 : (رقم التسجيلة. 15525)

تفاصيل مارك
000 -الفاتح
حقل البيانات ثابتة الطول 00985cam a2200289 a 4500
001 - رقم الضبط
رقم الضبط 13074110
003 - محدد رقم الضبط
رقم الضبط OSt
005 - وقت وتاريخ اخر تعامل مع التسجيلة
رقم الضبط 20161217105508.0
008 - عناصر البيانات ثابتة الطول - معلومات عامة
حقل البيانات ثابتة الطول 030129s2002 nyu 000 0 eng
020 ## - الرقم الدولى المعيارى للكتب
الرقم الدولى المعيارى للكتاب 9780077108717
040 ## - مصدر الفهرسة
وكالة الفهرسة الأصلية DLC
وكالة النسخ DLC
وكالة التعديل DLC
050 00 - رقم طلب مكتبة الكونجرس
رقم التصنيف PE1128
رقم المادة .T325 2002b
082 00 - رقم تصنيف ديوى العشرى
رقم التصنيف 428.34
رقم الطبعة 22
100 1# - المدخل الرئيسى - إسم شخصى
الإسم الشخصى Tanka, Judith,
التواريخ المصاحبة للاسم 1950-
9 (RLIN) 5077
245 10 - بيان العنوان
العنوان Interactions 2 :
بقية العنوان listening/speaking /
بيان المسئوليه,etc Judith Tanka, Lida R. Baker.
246 3# - العنوان الموازى
عنوان صحيح/عنوان مختصر Interactions two
250 ## - بيان الطبعة
بيان الطبعة 4th ed.
260 ## - PUBLICATION, DISTRIBUTION, ETC. (IMPRINT)
مكان الناشر او الموزع New York :
اسم الناشر او الموزع McGraw-Hill,
تاريخ النشر أو التوزيع c2004.
300 ## - الوصف المادى
التعداد 352 p. ;
أبعاد الوعاء 26 cm.
650 #0 - المدخل الاضافى بالموضوع-مصطلح موضوعى
مصطلح موضوعي أو اسم جغرافي كعنصر مدخل English language
التقسيم الفرعي العام Textbooks for foreign speakers.
9 (RLIN) 57289
650 #0 - المدخل الاضافى بالموضوع-مصطلح موضوعى
مصطلح موضوعي أو اسم جغرافي كعنصر مدخل English language
التقسيم الفرعي العام Spoken English
التقسيم الفرعي الشكلي Problems, exercises, etc.
9 (RLIN) 5078
650 #0 - المدخل الاضافى بالموضوع-مصطلح موضوعى
مصطلح موضوعي أو اسم جغرافي كعنصر مدخل Oral communication
التقسيم الفرعي الشكلي Problems, exercises, etc.
9 (RLIN) 5079
650 #0 - المدخل الاضافى بالموضوع-مصطلح موضوعى
مصطلح موضوعي أو اسم جغرافي كعنصر مدخل Listening
التقسيم الفرعي الشكلي Problems, exercises, etc.
9 (RLIN) 5080
700 1# - المدخل الاضافى - اسم شخصى
الإسم الشخصى Baker, Lida R.
9 (RLIN) 5081
942 ## - عناصر المدخل الإضافي( كوها)
مصدر التصنيف او مخطط الترفيف Dewey Decimal Classification
Koha [default] item type كتاب
المقتنيات
حالة الفقد نموذج السعر الفعال حالة تلف ليس للاعارة رقم الطلب تاريخ الاكتساب الموقع الحالي الباركود الفرع الرئيسي Date last seen نوع المادة فى نظام كوها مصدر التصنيف او خطة الترفيف Total Checkouts
  2013-03-10     428.34 T J I 2011-09-29 المكتبة المركزية بالمجمعة (CL) 00050958 المكتبة المركزية بالمجمعة (CL) 2013-03-10 كتاب Dewey Decimal Classification  
  2013-03-10     428.34 T J I 2011-09-29 المكتبة المركزية بالمجمعة (CL) 00050941 المكتبة المركزية بالمجمعة (CL) 2013-03-10 كتاب Dewey Decimal Classification  
  2013-03-10     428.34 T J I 2011-09-29 المكتبة المركزية بالمجمعة (CL) 00050942 المكتبة المركزية بالمجمعة (CL) 2013-03-10 كتاب Dewey Decimal Classification  
  2013-03-10     428.34 T J I 2011-09-29 المكتبة المركزية بالمجمعة (CL) 00050957 المكتبة المركزية بالمجمعة (CL) 2013-03-10 كتاب Dewey Decimal Classification  
  2013-03-10     428.34 T J I 2012-03-04 المكتبة المركزية بالمجمعة (CL) 00050925 المكتبة المركزية بالمجمعة (CL) 2013-03-10 كتاب Dewey Decimal Classification  
  2013-03-10     428.34 TJI 2012-09-30 المكتبة المركزية بالمجمعة (CL) 00500005 المكتبة المركزية بالمجمعة (CL) 2013-03-10 كتاب Dewey Decimal Classification  
  2013-03-10     428.34 T J I 2011-12-25 مكتبة كلية التربية بالزلفى - طالبات (EZF) 00013882 مكتبة كلية التربية بالزلفى - طالبات (EZF) 2013-03-10 كتاب Dewey Decimal Classification